000
00306nam a2200121Ia 4500
008
190216s9999||||xx |||||||||||||| ||und||
100
_a
Paik C M
245
0
_a
Quantitative Methods For Mangerial Decisions
260
_b
Tata Mcgrawhill Publishers
_c
1975
300
_a
403p
650
_a
Commerce
942
_c
BK
999
_c
4248
_d
4248